000
00255nam a2200109Ia 4500
008
220204s9999 xx 000 0 und d
082
_a
82-7
_b
BER
100
_a
Berg, Dave
245
0
_a
Roger Kaputnik and God
260
_a
New York
_b
Nal
_c
1974
942
_c
BK
999
_c
35746
_d
35746